000 00617nam a2200241Ia 4500
005 20260430150348.0
008 008 250103s9999 xx 000 0 eng d
037 _aTheses
040 _aCRL
040 _beng
040 _ceng
041 _2eng
041 _aeng
084 _qCRL
100 _aChaudhary Savitri Au.; Tandon Usha Gu.; Kumar Bishnoi Narendra Gu.
_91237264
245 0 _aAuditing of Dowry Laws: A Socio-Legal Study
260 _c2023
300 _a289p.
650 _aLaw
700 _aUniversity of Delhi. Faculty of Arts. Deptt. of Law
942 _cTH
999 _c1849604
_d1849604